000 00481nam a2200181Ia 4500
001 25204
005 20260414151134.0
008 260414t2022||||xx |||||||||||||| ||spa||
041 _aESP
082 _a346.4
_bD84
100 _aDivisión de Estudios Jurídicos de Gaceta Jurídica
_eAUT
245 0 _aLa posesión y la propiedad en la jurisprudencia
_b
260 _c2022
300 _a478 páginas :
_c25 cm.
650 _aDER
654 _aCDE
942 _cLIB
_dJUS
_fJUS
_2ddc
_n
999 _c25204
_d25204